|
|
|
|
| LEADER |
00000cam a2200000 c 4500 |
| 001 |
271835524 |
| 003 |
DE-627 |
| 005 |
20260206193630.0 |
| 007 |
tu |
| 008 |
900322s1989 gw ||||| m 00| ||ger c |
| 015 |
|
|
|a 89,N15,0140
|2 dnb
|
| 015 |
|
|
|a 89,A47,0373
|2 dnb
|
| 016 |
7 |
|
|a 890437920
|2 DE-101
|
| 020 |
|
|
|a 3631418957
|9 3-631-41895-7
|
| 035 |
|
|
|a (DE-627)271835524
|
| 035 |
|
|
|a (DE-603)001237748
|
| 035 |
|
|
|a (DE-576)017610257
|
| 035 |
|
|
|a (DE-599)GBV271835524
|
| 035 |
|
|
|a (OCoLC)21149671
|
| 035 |
|
|
|a (OCoLC)230981153
|
| 035 |
|
|
|a (OCoLC)230981153
|
| 035 |
|
|
|a (OCoLC)21149671
|
| 040 |
|
|
|a DE-627
|b ger
|c DE-627
|e rda
|
| 041 |
|
|
|a ger
|
| 044 |
|
|
|c XA-DE
|c XA-CH
|c XD-US
|
| 050 |
|
0 |
|a K700
|
| 082 |
0 |
|
|a 342.617
|
| 082 |
0 |
|
|a 346.01/7
|
| 082 |
0 |
|
|a 346.017
|a 342.617
|q LoC
|2 DDC20oclc
|
| 084 |
|
|
|a 19
|a 14
|2 sdnb
|
| 084 |
|
|
|a 19
|a 14
|a 11
|2 sdnb
|
| 084 |
|
|
|a PD 7840
|2 rvk
|0 (DE-625)rvk/135384:
|
| 084 |
|
|
|a PU 1534
|2 rvk
|0 (DE-625)rvk/139920:
|
| 084 |
|
|
|a PI 4580
|2 rvk
|0 (DE-625)rvk/136631:
|
| 084 |
|
|
|a MS 1990
|2 rvk
|0 (DE-625)rvk/123627:
|
| 084 |
|
|
|a 86.22
|2 bkl
|
| 100 |
1 |
|
|a Dietrich, Silvia
|d 1960-
|e VerfasserIn
|4 aut
|
| 245 |
1 |
0 |
|a Mutterschaft für Dritte
|b rechtliche Probleme der Leihmutterschaft unter Berücksichtigung entwicklungspsychologischer und familiensoziologischer Erkenntnisse und rechtsvergleichender Erfahrungen
|c Silvia Dietrich
|
| 264 |
|
1 |
|a Frankfurt am Main
|a Berlin
|a New York
|a Paris
|b Peter Lang
|c [1989]
|
| 264 |
|
4 |
|c © 1989
|
| 300 |
|
|
|a LXVI, 565 Seiten
|c 21 cm
|
| 336 |
|
|
|a Text
|b txt
|2 rdacontent
|
| 337 |
|
|
|a ohne Hilfsmittel zu benutzen
|b n
|2 rdamedia
|
| 338 |
|
|
|a Band
|b nc
|2 rdacarrier
|
| 490 |
1 |
|
|a Europäische Hochschulschriften
|a Reihe 2, Rechtswissenschaft
|v 835
|
| 502 |
|
|
|b Dissertation
|c Universität Hamburg
|c 1989
|
| 583 |
1 |
|
|a Massenentsäuerung nicht möglich
|2 pdager
|5 DE-18
|
| 650 |
0 |
7 |
|0 (DE-588)4167241-0
|0 (DE-627)105426849
|0 (DE-576)209907258
|a Leihmutter
|2 gnd
|
| 650 |
0 |
7 |
|0 (DE-588)4016419-6
|0 (DE-627)106333259
|0 (DE-576)208915907
|a Familienrecht
|2 gnd
|
| 650 |
0 |
7 |
|0 (DE-588)4115712-6
|0 (DE-627)104262664
|0 (DE-576)209495464
|a Rechtsvergleich
|2 gnd
|
| 650 |
0 |
7 |
|0 (DE-588)4063283-0
|0 (DE-627)106128574
|0 (DE-576)209148047
|a Vertragsrecht
|2 gnd
|
| 650 |
0 |
7 |
|0 (DE-588)4047704-6
|0 (DE-627)106193821
|0 (DE-576)209074426
|a Psychologie
|2 gnd
|
| 650 |
|
4 |
|a Eltern-kind-beziehung, Mütter, Väter
|
| 653 |
|
0 |
|a Surrogate
|a Legal status, laws, etc
|
| 653 |
|
0 |
|a Surrogate
|a Legal
|a Germany (West)
|
| 653 |
|
0 |
|a Surrogate
|a Psychological aspects
|
| 653 |
|
0 |
|a Surrogate
|a Social aspects
|
| 655 |
|
7 |
|a Hochschulschrift
|0 (DE-588)4113937-9
|0 (DE-627)105825778
|0 (DE-576)209480580
|2 gnd-content
|
| 689 |
0 |
0 |
|d s
|0 (DE-588)4167241-0
|0 (DE-627)105426849
|0 (DE-576)209907258
|a Leihmutter
|2 gnd
|
| 689 |
0 |
1 |
|d s
|0 (DE-588)4016419-6
|0 (DE-627)106333259
|0 (DE-576)208915907
|a Familienrecht
|2 gnd
|
| 689 |
0 |
2 |
|d s
|0 (DE-588)4115712-6
|0 (DE-627)104262664
|0 (DE-576)209495464
|a Rechtsvergleich
|2 gnd
|
| 689 |
0 |
|
|5 DE-101
|
| 689 |
1 |
0 |
|d s
|0 (DE-588)4167241-0
|0 (DE-627)105426849
|0 (DE-576)209907258
|a Leihmutter
|2 gnd
|
| 689 |
1 |
1 |
|d s
|0 (DE-588)4063283-0
|0 (DE-627)106128574
|0 (DE-576)209148047
|a Vertragsrecht
|2 gnd
|
| 689 |
1 |
2 |
|d s
|0 (DE-588)4115712-6
|0 (DE-627)104262664
|0 (DE-576)209495464
|a Rechtsvergleich
|2 gnd
|
| 689 |
1 |
|
|5 DE-101
|
| 689 |
2 |
0 |
|d s
|0 (DE-588)4167241-0
|0 (DE-627)105426849
|0 (DE-576)209907258
|a Leihmutter
|2 gnd
|
| 689 |
2 |
1 |
|d s
|0 (DE-588)4047704-6
|0 (DE-627)106193821
|0 (DE-576)209074426
|a Psychologie
|2 gnd
|
| 689 |
2 |
|
|5 DE-101
|
| 689 |
3 |
0 |
|d s
|0 (DE-588)4048737-4
|0 (DE-627)106189719
|0 (DE-576)20907907X
|a Recht
|2 gnd
|
| 689 |
3 |
|
|5 (DE-627)
|
| 751 |
|
|
|a Hamburg
|0 (DE-588)4023118-5
|0 (DE-627)106305433
|0 (DE-576)20894754X
|4 uvp
|
| 830 |
|
0 |
|a Europäische Hochschulschriften
|n Reihe 2
|p Rechtswissenschaft
|v 835
|9 835
|w (DE-627)130134236
|w (DE-576)015671542
|w (DE-600)510544-4
|x 0531-7312
|7 am
|
| 856 |
4 |
2 |
|u http://scans.hebis.de/HEBCGI/show.pl?00123774_toc.pdf
|m V:DE-603;B:DE-17
|q application/pdf
|3 Inhaltsverzeichnis
|7 1
|
| 889 |
|
|
|w (DE-627)027446670
|
| 935 |
|
|
|i mdedup
|
| 935 |
|
|
|i Blocktest
|
| 936 |
r |
v |
|a PD 7840
|b Abstammungsrecht, Anfechtung der Ehelichkeit, Leihmutterschaft
|k Rechtswissenschaft
|k Bürgerliches Recht, Privatrecht allgemein
|k Familienrecht
|k Kindschaftsrecht
|k Abstammungsrecht, Anfechtung der Ehelichkeit, Leihmutterschaft
|0 (DE-627)1271194872
|0 (DE-625)rvk/135384:
|0 (DE-576)201194872
|
| 936 |
r |
v |
|a PU 1534
|b Familienrecht
|k Rechtswissenschaft
|k Ausländisches Privatrecht, Privatrechtsvergleichung und -vereinheitlichung
|k Allgemeines
|k Familienrecht
|0 (DE-627)1271190850
|0 (DE-625)rvk/139920:
|0 (DE-576)201190850
|
| 936 |
r |
v |
|a PI 4580
|b Sonstiges
|k Rechtswissenschaft
|k Allgemeine Rechtslehre und Rechtstheorie, Rechts- und Staatsphilosophie, Rechtssoziologie
|k Strafrechtsphilosophie sowie weltanschaulich umstrittene Fragen des Rechts
|k Sonstiges
|0 (DE-627)127126644X
|0 (DE-625)rvk/136631:
|0 (DE-576)20126644X
|
| 936 |
r |
v |
|a MS 1990
|b Eltern-Kind-Beziehungen, Vater , Mutter, Pflegeeltern
|k Soziologie
|k Spezielle Soziologien
|k Familiensoziologie
|k Eltern-Kind-Beziehungen, Vater , Mutter, Pflegeeltern
|0 (DE-627)1271300494
|0 (DE-625)rvk/123627:
|0 (DE-576)201300494
|
| 936 |
b |
k |
|a 86.22
|j Familienrecht
|q coli-conc RVK->BK
|q https://coli-conc.gbv.de/api/mappings/43475976-dfe4-45ac-baba-38749f42cb5e
|0 (DE-627)106413406
|
| 936 |
s |
n |
|a m200
|2 mzub
|
| 936 |
s |
n |
|a p100
|2 mzub
|
| 936 |
s |
n |
|a c200
|2 mzub
|
| 951 |
|
|
|a BO
|
| ELC |
|
|
|b 1
|
| LOK |
|
|
|0 000 xxxxxcx a22 zn 4500
|
| LOK |
|
|
|0 001 3320299808
|
| LOK |
|
|
|0 003 DE-627
|
| LOK |
|
|
|0 004 271835524
|
| LOK |
|
|
|0 005 20140625164502
|
| LOK |
|
|
|0 008 140625||||||||||||||||ger|||||||
|
| LOK |
|
|
|0 040
|a DE-21-110
|c DE-627
|d DE-21-110
|
| LOK |
|
|
|0 689
|a s
|a Leihmutterschaft
|
| LOK |
|
|
|0 852
|z Kein Bestand am IfK; Nachweis für KrimDok
|
| LOK |
|
|
|0 852
|a DE-21-110
|
| LOK |
|
|
|0 852 1
|m v
|9 00
|
| LOK |
|
|
|0 935
|a k110
|
| LOK |
|
|
|0 938
|k v
|
| LOK |
|
|
|0 939
|a 25-06-14
|b l01
|
| ORI |
|
|
|a SA-MARC-krimdoka001.raw
|